Statistics for 2016 Super Rugby Final - Hurricanes Starting Team

Click here to take the quiz!

General Stats

  • This quiz has been taken 170 times
  • The average score is 9 of 15

Answer Stats

NumberAnswer% Correct
2 (Captain)Dane Coles
96%
10Beauden Barrett
94%
7Ardie Savea
90%
9T.J Perenara
85%
14Cory Jane
74%
8Victor Vito
64%
6Brad Shields
61%
13Matt Proctor
50%
15James Marshall
42%
4Vaea Fifita
40%
3Ben May
39%
5Michael Fatialofa
39%
11Jason Woodward
35%
1Loni Uhila
26%
12Willis Halaholo
22%

Score Distribution

Percentile by Number Answered

Percent of People with Each Score

Your Score History

You have not taken this quiz